[Event "EYCC 2024 - G18"]
[Site "?"]
[Date "2024.08.31"]
[Round "9.10"]
[White "Mihaljevic, Eva"]
[Black "Zabrzanska, Weronika"]
[Result "1/2-1/2"]
[BlackElo "1999"]
[WhiteElo "2058"]
[LiveChessVersion "1.4.8"]

1. e4 {[%clk 1:30:57]} e5 {[%clk 1:30:54]} 2. Nf3 {[%clk 1:31:21]} Nc6
{[%clk 1:31:17]} 3. Bb5 {[%clk 1:31:45]} a6 {[%clk 1:31:41]} 4. Ba4
{[%clk 1:32:10]} Nf6 {[%clk 1:32:03]} 5. O-O {[%clk 1:32:11]} b5 {[%clk 1:32:24]}
6. Bb3 {[%clk 1:32:35]} Bc5 {[%clk 1:32:48]} 7. c3 {[%clk 1:32:24]} d6
{[%clk 1:32:42]} 8. d4 {[%clk 1:32:31]} Bb6 {[%clk 1:32:57]} 9. Be3
{[%clk 1:32:33]} O-O {[%clk 1:32:54]} 10. Nbd2 {[%clk 1:32:08]} Rb8
{[%clk 1:29:14]} 11. h3 {[%clk 1:26:23]} h6 {[%clk 1:28:57]} 12. Qe2
{[%clk 1:24:04]} Re8 {[%clk 1:26:42]} 13. dxe5 {[%clk 1:22:27]} Nxe5
{[%clk 1:26:08]} 14. Nxe5 {[%clk 1:22:22]} dxe5 {[%clk 1:26:14]} 15. Rfd1
{[%clk 1:20:42]} Qe7 {[%clk 1:25:09]} 16. a4 {[%clk 1:18:47]} Bd7
{[%clk 1:18:55]} 17. axb5 {[%clk 1:13:32]} axb5 {[%clk 1:18:38]} 18. Bxb6
{[%clk 1:05:36]} Rxb6 {[%clk 1:18:25]} 19. Qe3 {[%clk 1:03:44]} Bc6
{[%clk 1:17:09]} 20. Ra7 {[%clk 1:03:28]} Rb7 {[%clk 1:16:35]} 21. Rda1
{[%clk 1:02:33]} Rxa7 {[%clk 1:12:14]} 22. Rxa7 {[%clk 1:02:49]} Ra8
{[%clk 1:12:01]} 23. f3 {[%clk 1:01:55]} Rxa7 {[%clk 1:09:45]} 24. Qxa7
{[%clk 1:02:15]} Nh5 {[%clk 1:08:55]} 25. Nf1 {[%clk 1:01:44]} Nf4
{[%clk 1:08:46]} 26. Qf2 {[%clk 0:51:57]} Qg5 {[%clk 1:07:54]} 27. Kh2
{[%clk 0:49:38]} Nd3 {[%clk 1:02:31]} 28. Qa7 {[%clk 0:48:40]} Qe7
{[%clk 0:58:04]} 29. Ne3 {[%clk 0:43:54]} g6 {[%clk 0:52:58]} 30. Qa6
{[%clk 0:39:33]} Qd6 {[%clk 0:49:33]} 31. c4 {[%clk 0:28:11]} b4 {[%clk 0:41:01]}
32. c5 {[%clk 0:15:43]} Nxc5 {[%clk 0:40:23]} 33. Qc8+ {[%clk 0:15:04]} Kg7
{[%clk 0:40:18]} 34. Nc4 {[%clk 0:13:58]} Qf6 {[%clk 0:39:47]} 35. Bd1
{[%clk 0:12:53]} Ne6 {[%clk 0:26:04]} 36. Qa6 {[%clk 0:10:47]} Nd4
{[%clk 0:26:09]} 37. Qa5 {[%clk 0:10:33]} Bb5 {[%clk 0:23:10]} 38. Qxc7
{[%clk 0:08:20]} Bxc4 {[%clk 0:19:48]} 39. Qxc4 {[%clk 0:08:41]} Qf4+
{[%clk 0:20:15]} 40. Kh1 {[%clk 0:08:05]} Qd2 {[%clk 0:17:56]} 41. Bb3
{[%clk 0:07:48]} Nxb3 {[%clk 0:17:07]} 42. Qxb3 {[%clk 0:08:12]} h5
{[%clk 0:16:49]} 43. Kh2 {[%clk 0:07:46]} Qf4+ {[%clk 0:15:53]} 44. Kg1
{[%clk 0:08:08]} Qd2 {[%clk 0:15:49]} 45. Kh2 {[%clk 0:08:30]} g5
{[%clk 0:15:59]} 46. Kg1 {[%clk 0:06:29]} Qe1+ {[%clk 0:15:34]} 47. Kh2
{[%clk 0:06:46]} Qd2 {[%clk 0:14:23]} 48. Kg1 {[%clk 0:06:23]} Qe1+
{[%clk 0:13:46]} 49. Kh2 {[%clk 0:06:48]} Qd2 {[%clk 0:14:12]} 1/2-1/2

[Event "EYCC 2024 - G18"]
[Site "?"]
[Date "2024.08.31"]
[Round "9.11"]
[White "Skarbarchuk, Tetyana"]
[Black "Keskin, Elif"]
[Result "1/2-1/2"]
[BlackElo "1790"]
[WhiteElo "2037"]
[LiveChessVersion "1.4.8"]

1. d4 {[%clk 1:30:56]} d5 {[%clk 1:30:56]} 2. c4 {[%clk 1:31:21]} e6
{[%clk 1:31:20]} 3. Nc3 {[%clk 1:31:42]} h6 {[%clk 1:31:38]} 4. Bf4
{[%clk 1:31:47]} Bd6 {[%clk 1:27:56]} 5. Bxd6 {[%clk 1:30:34]} Qxd6
{[%clk 1:28:13]} 6. e3 {[%clk 1:29:01]} Nf6 {[%clk 1:27:42]} 7. Nf3
{[%clk 1:27:49]} O-O {[%clk 1:27:13]} 8. Rc1 {[%clk 1:26:51]} dxc4
{[%clk 1:25:07]} 9. Bxc4 {[%clk 1:23:58]} a6 {[%clk 1:23:13]} 10. O-O
{[%clk 1:05:00]} b5 {[%clk 1:19:37]} 11. Bd3 {[%clk 1:04:40]} Bb7
{[%clk 1:17:41]} 12. e4 {[%clk 1:01:21]} Qb6 {[%clk 1:13:21]} 13. e5
{[%clk 0:54:02]} Nd5 {[%clk 1:12:23]} 14. Ne4 {[%clk 0:53:29]} Nb4
{[%clk 1:04:26]} 15. Bb1 {[%clk 0:52:52]} Rd8 {[%clk 0:51:26]} 16. a3
{[%clk 0:40:45]} Nd5 {[%clk 0:47:45]} 17. Nc5 {[%clk 0:36:30]} Nd7
{[%clk 0:45:29]} 18. Nd2 {[%clk 0:26:26]} Nxc5 {[%clk 0:41:29]} 19. dxc5
{[%clk 0:24:24]} Qc6 {[%clk 0:40:43]} 20. Be4 {[%clk 0:22:53]} Qd7
{[%clk 0:38:06]} 21. Qf3 {[%clk 0:21:40]} a5 {[%clk 0:33:55]} 22. Rfd1
{[%clk 0:18:44]} a4 {[%clk 0:31:25]} 23. Nf1 {[%clk 0:15:22]} c6 {[%clk 0:27:05]}
24. Bb1 {[%clk 0:14:13]} Qe7 {[%clk 0:25:00]} 25. Qe4 {[%clk 0:12:29]} f5
{[%clk 0:23:40]} 26. exf6 {[%clk 0:11:56]} Nxf6 {[%clk 0:23:13]} 27. Qe5
{[%clk 0:09:48]} Rd5 {[%clk 0:22:08]} 28. Rxd5 {[%clk 0:09:04]} Nxd5
{[%clk 0:22:28]} 29. Ng3 {[%clk 0:07:07]} Rd8 {[%clk 0:19:40]} 30. Ne4
{[%clk 0:06:35]} Bc8 {[%clk 0:19:17]} 31. Nd6 {[%clk 0:06:13]} Qf6
{[%clk 0:17:15]} 32. Qe4 {[%clk 0:04:22]} Bd7 {[%clk 0:12:41]} 33. Re1
{[%clk 0:03:50]} Kf8 {[%clk 0:11:37]} 34. h3 {[%clk 0:02:04]} Nf4
{[%clk 0:09:55]} 35. Re3 {[%clk 0:01:38]} e5 {[%clk 0:05:55]} 36. Qxe5
{[%clk 0:00:55]} Qxe5 {[%clk 0:05:53]} 37. Rxe5 {[%clk 0:01:21]} Be6
{[%clk 0:05:47]} 38. Be4 {[%clk 0:00:58]} Bd7 {[%clk 0:04:12]} 39. Kf1
{[%clk 0:00:41]} Kg8 {[%clk 0:04:02]} 40. h4 {[%clk 0:00:50]} Ne6
{[%clk 0:02:49]} 41. Bf5 {[%clk 0:00:33]} Nd4 {[%clk 0:03:02]} 42. Bd3
{[%clk 0:00:32]} Rf8 {[%clk 0:03:05]} 43. Ke1 {[%clk 0:00:37]} Nb3
{[%clk 0:03:03]} 44. Bc2 {[%clk 0:00:33]} Nd4 {[%clk 0:03:26]} 45. Bd1
{[%clk 0:01:00]} Nf5 {[%clk 0:02:34]} 46. Nxf5 {[%clk 0:01:04]} Bxf5
{[%clk 0:03:02]} 47. Bf3 {[%clk 0:01:03]} Rf6 {[%clk 0:03:22]} 48. Re7
{[%clk 0:00:57]} Bg6 {[%clk 0:02:57]} 49. Ke2 {[%clk 0:00:39]} Kf8
{[%clk 0:03:14]} 50. Rc7 {[%clk 0:01:04]} Be8 {[%clk 0:03:40]} 51. g3
{[%clk 0:00:32]} Rf5 {[%clk 0:03:50]} 52. Be4 {[%clk 0:00:33]} 1/2-1/2

[Event "EYCC 2024 - G18"]
[Site "?"]
[Date "2024.08.31"]
[Round "9.12"]
[White "Maton, Emily"]
[Black "Akat, Elifnaz"]
[Result "0-1"]
[BlackElo "1888"]
[WhiteElo "2005"]
[LiveChessVersion "1.4.8"]

1. d4 {[%clk 1:30:59]} Nf6 {[%clk 1:30:56]} 2. c4 {[%clk 1:31:26]} e6
{[%clk 1:31:22]} 3. Nf3 {[%clk 1:31:52]} Bb4+ {[%clk 1:31:48]} 4. Nc3
{[%clk 1:32:01]} c5 {[%clk 1:31:42]} 5. e3 {[%clk 1:32:02]} O-O {[%clk 1:30:45]}
6. a3 {[%clk 1:31:24]} Bxc3+ {[%clk 1:30:39]} 7. bxc3 {[%clk 1:31:50]} Re8
{[%clk 1:27:50]} 8. Bd3 {[%clk 1:29:42]} b6 {[%clk 1:25:24]} 9. O-O
{[%clk 1:27:08]} Bb7 {[%clk 1:24:29]} 10. Re1 {[%clk 1:26:54]} d5
{[%clk 1:23:04]} 11. cxd5 {[%clk 1:25:11]} exd5 {[%clk 1:21:35]} 12. Ne5
{[%clk 1:21:40]} Qc7 {[%clk 1:18:43]} 13. Bb2 {[%clk 1:17:31]} Nc6
{[%clk 1:12:07]} 14. Ng4 {[%clk 1:10:59]} Ne4 {[%clk 1:06:32]} 15. f3
{[%clk 1:04:22]} Nd6 {[%clk 1:02:42]} 16. e4 {[%clk 0:58:42]} Ne7
{[%clk 0:55:29]} 17. e5 {[%clk 0:57:43]} Nc4 {[%clk 0:53:29]} 18. Bc1
{[%clk 0:54:23]} cxd4 {[%clk 0:47:53]} 19. cxd4 {[%clk 0:54:20]} Qd7
{[%clk 0:42:48]} 20. f4 {[%clk 0:52:45]} Bc8 {[%clk 0:38:28]} 21. h3
{[%clk 0:43:07]} Qc6 {[%clk 0:34:37]} 22. Qc2 {[%clk 0:38:55]} Na5
{[%clk 0:27:28]} 23. Bxh7+ {[%clk 0:33:04]} Kh8 {[%clk 0:27:21]} 24. Bd3
{[%clk 0:32:43]} Qxc2 {[%clk 0:26:42]} 25. Bxc2 {[%clk 0:33:09]} Bf5
{[%clk 0:26:25]} 26. Ba4 {[%clk 0:32:00]} Rec8 {[%clk 0:25:48]} 27. Ne3
{[%clk 0:32:04]} Be4 {[%clk 0:26:17]} 28. Bb2 {[%clk 0:30:53]} a6
{[%clk 0:26:08]} 29. Rac1 {[%clk 0:28:31]} b5 {[%clk 0:26:15]} 30. Bc3
{[%clk 0:25:53]} Rxc3 {[%clk 0:25:42]} 31. Rxc3 {[%clk 0:26:18]} bxa4
{[%clk 0:26:10]} 32. Rc5 {[%clk 0:23:23]} Nb3 {[%clk 0:26:14]} 33. Rc7
{[%clk 0:23:45]} Ng6 {[%clk 0:25:55]} 34. f5 {[%clk 0:21:22]} Nf4
{[%clk 0:24:24]} 35. Rxf7 {[%clk 0:19:20]} Nxd4 {[%clk 0:24:37]} 36. Rd1
{[%clk 0:18:14]} Nb5 {[%clk 0:22:13]} 37. e6 {[%clk 0:12:00]} Re8
{[%clk 0:19:35]} 38. Kh2 {[%clk 0:11:02]} Kg8 {[%clk 0:16:12]} 39. g3
{[%clk 0:10:52]} Nd3 {[%clk 0:12:50]} 40. Nxd5 {[%clk 0:07:12]} Ne5
{[%clk 0:13:15]} 41. Rb7 {[%clk 0:05:44]} Nf3+ {[%clk 0:12:17]} 42. Kg2
{[%clk 0:06:08]} Nfd4+ {[%clk 0:12:20]} 43. Kf2 {[%clk 0:06:30]} Nxf5
{[%clk 0:11:45]} 44. Rb6 {[%clk 0:05:55]} Nfd4 {[%clk 0:11:30]} 45. Nf4
{[%clk 0:05:43]} Bc2 {[%clk 0:09:10]} 46. Rd2 {[%clk 0:05:13]} g5
{[%clk 0:07:24]} 47. Nd3 {[%clk 0:03:12]} Rf8+ {[%clk 0:07:34]} 48. Ke3
{[%clk 0:02:56]} Nf5+ {[%clk 0:07:02]} 49. Ke4 {[%clk 0:01:27]} Nxg3+
{[%clk 0:07:21]} 50. Kd5 {[%clk 0:01:51]} Bb3+ {[%clk 0:07:49]} 51. Kc6
{[%clk 0:02:09]} Ne4 {[%clk 0:06:30]} 52. e7 {[%clk 0:01:14]} Re8
{[%clk 0:04:24]} 53. Kd7 {[%clk 0:01:08]} Bf7 {[%clk 0:02:11]} 54. Re2
{[%clk 0:01:15]} Nec3 {[%clk 0:00:53]} 55. Rg2 {[%clk 0:01:33]} Ne4
{[%clk 0:01:14]} 56. Ne5 {[%clk 0:01:22]} Kg7 {[%clk 0:01:04]} 57. Ng4
{[%clk 0:01:10]} Nc5+ {[%clk 0:01:14]} 58. Kc6 {[%clk 0:01:23]} Rc8#
{[%clk 0:01:40]} 0-1